00410 2200157 4500001002100000005001500021035002000036245006700056100001500123300001200138260004600150082000800196084001400204020002200218990001200240INLIS00000000000249420250604112041 a0010-06250000801 aSuper Modul KSN Kebumian 4 :bBank Soal Kebumian /cNur Adilah0 aNur Adilah a229 hlm aJakarta :bPT. Jakarta Sains Media,c2022 a550 a550 NUR s a978-623-6111-29-1 a0754867